Normal view
MARC view
- Kováts, Andreas von. [from old catalog]
Entry Personal Name
001 - CONTROL NUMBER
- control field: 41778
003 - CONTROL NUMBER IDENTIFIER
- control field: NUST
005 - DATE AND TIME OF LATEST TRANSACTION
- control field: 20210314132134.0
008 - FIXED-LENGTH DATA ELEMENTS
- fixed length control field: 210314|| aca||aabn | a|a d
040 ## - CATALOGING SOURCE
- Original cataloging agency: NUST
- Transcribing agency: NUST
100 ## - HEADING--PERSONAL NAME
- Personal name: Kováts, Andreas von. [from old catalog]
670 ## - SOURCE DATA FOUND
- Source citation: Work cat.: (NUST): Kováts, Andreas von. [from old catalog], Pumps, fans and compressors , 1958.
